Państwa o największej liczbie ludzi mieszkających na wyspach - Statystyki

Ogólne statystyki
  • Ten quiz został rozwiązany 7 732 razy
  • Średni wynik to 15 z 20
Statystyki odpowiedzi
Populacja Państwo % Poprawnych
123 mln Japonia
94%
278 mln Indonezja
92%
68,3 mln Wielka Brytania
91%
15,1 mln Stany Zjednoczone
87%
5,25 mln Nowa Zelandia
86%
30,4 mln Madagaskar
82%
118 mln Filipiny
79%
4,35 mln Kanada
79%
5,06 mln Irlandia
77%
20,3 mln Chiny
74%
11,2 mln Kuba
74%
7,66 mln Malezja
74%
21,9 mln Sri Lanka
72%
24,4 mln Indie
69%
6,48 mln Włochy
66%
23,9 mln Tajwan
64%
11,4 mln Dominikana
63%
10,4 mln Papua-Nowa Gwinea
62%
11,8 mln Haiti
60%
6,02 mln Singapur
45%
Nie znaleziono quizów pasujących do podanych kryteriów
Rozkład punktacji
Procent ludzi z każdym wynikiem
Percentyl według liczby udzielonych odpowiedzi
Twoja historia wyników
Nie rozwiązałeś tego quizu